Manual of men's health : a practice guide for APRNs and PAs /

Bibliographic Details
Corporate Author: ProQuest (Firm)
Other Authors: Quallich, Susanne (Editor), Lajiness, Michelle (Editor), Mitchell, Kenneth (Kenneth A.) (Editor)
Format: eBook
Language:English
Published: New York : Springer Publishing Company, [2019]
Subjects:
Online Access:Connect to the full text of this electronic book

MARC

Tag First Indicator Second Indicator Subfields
LEADER 00000cam a2200000Ma 4500
001 in00004542016
005 20211004152248.0
006 m d
007 cr cn|||||||||
008 180922s2019 nyua ob 001 0 eng d
019 |a 1054225571  |a 1078882851  |a 1090790839 
020 |a 9780826191144  |q (electronic bk.) 
020 |a 0826191142  |q (electronic bk.) 
020 |z 0826191134 
020 |z 9780826191137 
035 |a (OCoLC)on1054047363 
035 |a (OCoLC)1054047363  |z (OCoLC)1054225571  |z (OCoLC)1078882851  |z (OCoLC)1090790839 
040 |a EBLCP  |b eng  |e pn  |c EBLCP  |d N$T  |d OCLCF  |d YDX  |d OCLCQ  |d OCLCO  |d NJT  |d AU@  |d OCLCQ  |d OCLCA  |d OCLCQ  |d TMV  |d UtOrBLW 
049 |a TMVM 
050 4 |a RA777.8 
060 4 |a WA 306  |b M2944 2019eb 
245 0 0 |a Manual of men's health :  |b a practice guide for APRNs and PAs /  |c editor, Susanne A. Quallich ; section editors, Michelle Lajiness, Kenneth A. Mitchell. 
264 1 |a New York :  |b Springer Publishing Company,  |c [2019] 
264 4 |c ©2019 
300 |a 1 online resource :  |b illustrations 
336 |a text  |b txt  |2 rdacontent 
337 |a computer  |b c  |2 rdamedia 
338 |a online resource  |b cr  |2 rdacarrier 
500 |a Electronic resource. 
500 |a Description based on opening page (viewed Jul 07, 2021). 
504 |a Includes bibliographical references and index. 
650 0 |a Men  |x Health and hygiene.  |0 http://id.loc.gov/authorities/subjects/sh85083512 
650 2 |a Men's Health.  |0 (DNLM)D054526  |0 https://id.nlm.nih.gov/mesh/D054526 
650 2 |a Physician Assistants.  |0 (DNLM)D010823  |0 https://id.nlm.nih.gov/mesh/D010823 
650 2 |a Advanced Practice Nursing.  |0 (DNLM)D057179  |0 https://id.nlm.nih.gov/mesh/D057179 
655 7 |a Ebooks.  |2 local 
655 7 |a Electronic books.  |2 local 
700 1 |a Quallich, Susanne,  |e editor.  |0 http://id.loc.gov/authorities/names/n2016186757 
700 1 |a Lajiness, Michelle,  |e editor.  |0 http://id.loc.gov/authorities/names/n2016186758 
700 1 |a Mitchell, Kenneth  |q (Kenneth A.),  |e editor.  |0 http://id.loc.gov/authorities/names/n2018185405 
710 2 |a ProQuest (Firm)  |0 http://id.loc.gov/authorities/names/n2007068018 
856 4 0 |u http://proxy.library.tamu.edu/login?url=https://ebookcentral.proquest.com/lib/tamum-ebooks/detail.action?docID=5517223  |z Connect to the full text of this electronic book  |t 0 
999 f f |s ae096b28-6beb-3550-bfd7-1ce47aa8221f  |i 7e22ba80-e121-34da-b336-1dfcc95f2bbf  |t 0 
952 f f |a Texas A&M University  |b College Station  |c Electronic Resources  |d Available Online  |t 0  |e WA 306 M2944 2019eb  |h National Library of Medicine classification 
998 f f |a WA 306 M2944 2019eb  |t 0  |l Available Online